• 首页
  • 本馆介绍
  • 公告通知
  • 最新文献
  • 馆藏检索
  • 电子资源
  • 读者导购
  • 参考咨询
  • 我的图书馆
  • 登录
  • 详细信息显示
  • 放入我的书架
  • 预约/预借图书
  • 作者相关作品
  • 分类相关作品
  • 丛书相关作品
  • 出版社相关作品

书目信息

  • 表格格式
  • 工作单格式
  • 卡片格式
题名:
这样的员工老板喜欢
    
 
作者: 张舒彧 , 李波 著 ;杨萌 , 贾茹 配画
分册:  
出版信息: 北京   中国商业出版社  2004
页数: 222页
开本: 19cm
丛书名:
单 册:
中图分类: F272.9 , B825
科图分类:
主题词: 企业管理--人际关系学 , 企业管理 , 人际关系学 , 伦理学
电子资源:
ISBN: 7-5044-5038-3
000 01147nam0 2200325 450
001 0931653281
005 20090929084908.48
010    @a7-5044-5038-3@dCNY18.00
100    @a20040929d2004 em y0chiy50 ea
101 0  @achi
102    @aCN@b110000
105    @aa z 000yy
106    @ar
200 1  @a这样的员工老板喜欢@e中国职场生存法则66条@f张舒彧,李波[著]@g杨萌,贾茹配画@Azhe yang de yuan gong lao ban xi huan
210    @a北京@c中国商业出版社@d2004
215    @a222页@c图@d19cm
330    @a本书所有案例完全来自本土职场,完全为中国职场人士量身定做,充分理解这“66条职场语录”,并融会贯通于职场,将有助于你个人职场生涯的发展。
517 1  @a中国职场生存法则66条@Azhong guo zhi chang sheng cun fa ze 66 tiao
606 0  @a企业管理@x人际关系学
606 0  @a企业管理
606 0  @a人际关系学
606 0  @a伦理学
690    @aF272.9@v4
690    @aB825@v4
701  0 @a张舒彧@4著@Azhang shu yu
701  0 @a李波@c(企业管理)@4著@Ali bo
702  0 @a杨萌@c(绘画)@4配画@Ayang meng
702  0 @a贾茹@4配画@Ajia ru
801  0 @aCN@b大连网信软件有限公司图书馆·11@c20090929
905    @a10447@dB825@eJY78
    
    这样的员工老板喜欢:中国职场生存法则66条/张舒彧,李波[著]/杨萌,贾茹配画.-北京:中国商业出版社,2004
    222页:图;19cm
    
    
    ISBN 7-5044-5038-3:CNY18.00
    本书所有案例完全来自本土职场,完全为中国职场人士量身定做,充分理解这“66条职场语录”,并融会贯通于职场,将有助于你个人职场生涯的发展。
●
相关链接 在E读中查询图书 在五车中查询图书 在当当中查询图书 在豆瓣中查询图书


正题名:这样的员工老板喜欢     索取号:B825/JY78         预约/预借

序号 登录号 条形码 馆藏地/架位号 状态 备注
1 7820222   278202222   学院路分馆/ [索取号:B825/JY78] 在馆    
2 7820223   278202231   学院路分馆/ [索取号:B825/JY78] 在馆    
3 7820224   278202240   学院路分馆/ [索取号:B825/JY78] 在馆    
4 7820225   278202259   学院路分馆/ [索取号:B825/JY78] 在馆    
唐山师范学院图书馆 欢迎您!
大连网信软件有限公司© 版权所有